Statistics for Top 10 Most Popular cities in Florida

Click here to take the quiz!

General Stats

  • This quiz has been taken 14 times
  • The average score is 6 of 10

Answer Stats

HintAnswer% Correct
443KMiami
100%
307KOrlando
93%
388KTampa
79%
950KJacksonville
71%
198KTallahassee
64%
182KFort Lauderdale
57%
259KSt. Petersburg
50%
222KHialeah
29%
210KPort St. Lucie
21%
198KCape Coral
14%

Score Distribution

Percentile by Number Answered

Percent of People with Each Score

Your Score History

You have not taken this quiz